000 00339nam a2200133Ia 4500
005 20251222143237.0
008 251222s9999||||xx |||||||||||||| ||spa||
020 _a84-7.490-119-7
082 _a722.7/L49
100 _aLeriche Andrieu, Francoise
245 0 _aIniciación al Arte Románico
264 _bEdiciones Encuentro
942 _cLIB
999 _c14413
_d14413